000 00448nam a22001577a 4500
999 _c5866
_d5864
005 20210828115326.0
008 190528b xxu||||| |||| 00| 0 eng d
020 _a978-81-85790-27-5
041 _aeng
100 _aBURANDE, DR, MAHESH D. AND OTHERS
_96804
245 _aPRINCIPLES AND PRACTICE OF DRUG STORE ADMINISTRATION : INCLUDING ACCOUNTANCY
250 _a8th ED.2019
260 _aPUNE
_bNIRALI PRAKASHAN
300 _aB.1p,
942 _cBK